000 00712nam a22002297a 4500
005 20170124110105.0
010 _a153288
020 _c02.25
035 _a153288
037 _bCen Lib/Ret
040 _aDPL
_bEN
082 _a954.083
_bCHO
100 _aChoudhury, P.C.Roy
_927900
245 _a1857 in Bihar :
_cby P.C.Roy Choudhury
_bChotanagpur and Santhal Parganas /
250 _a2nd ed
260 _bGazetteers' Revision Branch, Revenue Department
_aPatna
_c1959
300 _aiii,147p.
_c23cm(Hb)
500 _aIncludes index
650 _aIndia -- History -- Sepoy Rebellion, 1857-1858
_927901
650 _aBihar (India) -- History
_927902
942 _2ddc
_cEN
_h954.083
_mROY
999 _c129959
_d129959